Największe miasta w Niemczech A-Z - Statystyki

Ogólne statystyki
  • Ten quiz został rozwiązany 6 112 razy
    5 821 od ostatniego zresetowania
  • Średni wynik to 9 z 24
Statystyki odpowiedzi
Miasto % Poprawnych
B Berlin
99%
M Monachium
91%
H Hamburg
85%
F Frankfurt nad Menem
80%
K Kolonia
75%
L Lipsk
61%
D Dusseldorf
60%
N Norymberga
50%
S Stuttgart
50%
E Essen
44%
A Augsburg
36%
R Rostock
30%
P Poczdam
24%
U Ulm
23%
G Gelsenkirchen
21%
J Jena
20%
C Chemnitz
16%
I Ingolstadt
16%
W Wuppertal
13%
Z Zwickau
11%
T Trewir
9%
Ż Żytawa
8%
O Oberhausen
6%
V Villingen-Schwenningen
4%
Nie znaleziono quizów pasujących do podanych kryteriów
Rozkład punktacji
Procent ludzi z każdym wynikiem
Percentyl według liczby udzielonych odpowiedzi
Twoja historia wyników
Nie rozwiązałeś tego quizu od ostatniego zresetowania